000 00275nam a2200133Ia 4500
100 _a#N/A
650 _aComputers
942 _cBK
654 _aAUTOCAD 2000
245 _aMASTERING AUTOCAD 2000 FOR MECHANICAL ENGG.
260 _b#N/A
082 _bOMU
546 _aENGLISH
999 _c33759
_d33759